000 00528nam a2200229Ia 4500
005 20250425162203.0
008 250425s9999 xx 000 0 und d
020 _a8449415349
041 _aspa
043 _asp
082 _a463.31
110 _aOCEANO
245 0 _aDICCIONARIO OCEANO DE SINONIMOS Y ANTONIMOS
250 _a1A. ED.
260 _aBARCELONA
260 _aEspaƱa
_bOCEANO
_c2001
300 _a1024
650 _aDICCIONARIOS
650 _aSINONIMOS Y ANTONIMOS
942 _c01
010 _a54835
999 _c224080
_d224080